ბათუმის შოთა რუსთაველის სახელმწიფო უნივერსიტეტის ბიბლიოთეკა

სიცოცხლის კვალი (ბიბ.ჩანაწერი № 41901)

000 -LEADER
fixed length control field 00897nam a2200229Ia 4500
001 - CONTROL NUMBER
control field 8585
003 - CONTROL NUMBER IDENTIFIER
control field GE_BSU
008 - FIXED-LENGTH DATA ELEMENTS--GENERAL INFORMATION
fixed length control field 181216s||||||||xx |||||||||||||| ||und||
040 ## - CATALOGING SOURCE
Transcribing agency GE_BSU
080 ## - UNIVERSAL DECIMAL CLASSIFICATION NUMBER
Universal Decimal Classification number 821.353.1-4
100 ## - MAIN ENTRY--PERSONAL NAME
Personal name თევზაძე, გივი
245 ## - TITLE STATEMENT
Title სიცოცხლის კვალი
245 ## - TITLE STATEMENT
Remainder of title ნარკვევები ჩვენს თანამედროვეობაზე.
245 ## - TITLE STATEMENT
Statement of responsibility, etc. რედ.:რ. მეგრელიშვილი; მხატვ.: ვ.გიორგობიანი
260 ## - PUBLICATION, DISTRIBUTION, ETC.
Place of publication, distribution, etc. თბილისი.
260 ## - PUBLICATION, DISTRIBUTION, ETC.
Name of publisher, distributor, etc. საბჭ. საქართველო
260 ## - PUBLICATION, DISTRIBUTION, ETC.
Date of publication, distribution, etc. 1971
300 ## - PHYSICAL DESCRIPTION
Extent 202გვ. 20 სმ.
653 ## - INDEX TERM--UNCONTROLLED
Uncontrolled term ნარკვევები ჩვენს თანამედროვეობაზე.
653 ## - INDEX TERM--UNCONTROLLED
Uncontrolled term სიცოცხლის კვალი
942 ## - ADDED ENTRY ELEMENTS (KOHA)
Koha item type წიგნი
ეგზემპლარები
Withdrawn status Lost status Damaged status Not for loan Date acquired Barcode Date last seen Price effective from Koha item type
        2018-12-17 31013 2018-12-17 2018-12-17 წიგნი
        2018-12-17 31014 2018-12-17 2018-12-17 წიგნი